<?xml version="1.0" encoding="UTF-8"?>
<record
    xmlns:xsi="http://www.w3.org/2001/XMLSchema-instance"
    xsi:schemaLocation="http://www.loc.gov/MARC21/slim http://www.loc.gov/standards/marcxml/schema/MARC21slim.xsd"
    xmlns="http://www.loc.gov/MARC21/slim">

  <leader>00902nam a2200229 i 4500</leader>
  <controlfield tag="001">183385</controlfield>
  <controlfield tag="003">ES-MaACL</controlfield>
  <controlfield tag="005">20251012184726.0</controlfield>
  <controlfield tag="008">140411s1912    it           |||| | ita d</controlfield>
  <datafield tag="245" ind1="0" ind2="0">
    <subfield code="a">Commedie del Cinquecento. </subfield>
    <subfield code="n">I / </subfield>
    <subfield code="c">a cura di Ireneo Sanesi.</subfield>
  </datafield>
  <datafield tag="260" ind1=" " ind2=" ">
    <subfield code="a">Bari : </subfield>
    <subfield code="b">Gius. Laterza &amp; Figli, </subfield>
    <subfield code="c">1912.</subfield>
  </datafield>
  <datafield tag="300" ind1=" " ind2=" ">
    <subfield code="a">410 p. ; </subfield>
    <subfield code="c">21 cm.</subfield>
  </datafield>
  <datafield tag="490" ind1="1" ind2=" ">
    <subfield code="a">Scrittori d'Italia ; </subfield>
    <subfield code="v">25</subfield>
  </datafield>
  <datafield tag="505" ind1="8" ind2=" ">
    <subfield code="a">Contiene: La Calandria di Bernardo Dovizi da Bibbiena -- Il pedante di Francesco Belo -- I tre tirani di Agostino Ricchi -- Gl'ingrannati degli accademici Intronati di Siena</subfield>
  </datafield>
  <datafield tag="700" ind1="1" ind2=" ">
    <subfield code="a">Sanesi, Ireneo.</subfield>
    <subfield code="9">154692</subfield>
  </datafield>
  <datafield tag="700" ind1="0" ind2=" ">
    <subfield code="a">Bibbiena, Bernardo Dovizi da.</subfield>
    <subfield code="9">28763</subfield>
  </datafield>
  <datafield tag="700" ind1="1" ind2=" ">
    <subfield code="a">Belo, Francesco (</subfield>
    <subfield code="d">fl. 1524-1538)</subfield>
    <subfield code="9">154693</subfield>
  </datafield>
  <datafield tag="700" ind1="1" ind2=" ">
    <subfield code="a">Ricchi, Agostino, </subfield>
    <subfield code="d">1512-1564</subfield>
    <subfield code="9">154694</subfield>
  </datafield>
  <datafield tag="830" ind1="0" ind2="0">
    <subfield code="a">Scrittori d'Italia</subfield>
    <subfield code="v">25</subfield>
    <subfield code="9">191925</subfield>
  </datafield>
  <datafield tag="852" ind1=" " ind2=" ">
    <subfield code="a">ES-MaACL</subfield>
    <subfield code="j">G-3726</subfield>
  </datafield>
  <datafield tag="999" ind1=" " ind2=" ">
    <subfield code="c">183385</subfield>
    <subfield code="d">183385</subfield>
  </datafield>
  <datafield tag="952" ind1=" " ind2=" ">
    <subfield code="0">0</subfield>
    <subfield code="1">0</subfield>
    <subfield code="4">0</subfield>
    <subfield code="7">0</subfield>
    <subfield code="a">ATENEOM</subfield>
    <subfield code="b">ATENEOM</subfield>
    <subfield code="c">DEPO2</subfield>
    <subfield code="d">2014-04-11</subfield>
    <subfield code="e">SC</subfield>
    <subfield code="l">0</subfield>
    <subfield code="o">G-3726</subfield>
    <subfield code="p">1192754</subfield>
    <subfield code="r">2023-02-23 00:00:00</subfield>
    <subfield code="w">2023-02-23</subfield>
    <subfield code="y">MONOGRAFIA</subfield>
  </datafield>
</record>
